| 000 | 00359nam a22001577a 4500 | ||
|---|---|---|---|
| 003 | macl | ||
| 005 | 20170113124738.0 | ||
| 008 | 170113b xxu||||| |||| 00| 0 eng d | ||
| 040 | _cmacl | ||
| 082 | _a530 | ||
| 100 |
_aNCERT _94590 |
||
| 245 |
_aPhysics part -1 _bclass XII |
||
| 260 |
_aDehli _bNCERT _c2015 |
||
| 650 |
_aphysics _966526 |
||
| 942 |
_2ddc _cHIN |
||
| 999 |
_c55889 _d55889 |
||